000 00574nam a2200217 a 4500
001 9947
003 CO-ViMGA
008 141112s2004 ck r 000 u spa d
040 _aCO-ViMGA
_bspa
_cCO-ViMGA
082 0 4 _a137.3 S15s
100 1 _aEliecer,
_912129
245 1 0 _aSetenta Recetas para adquirir una gran personalidad
250 _a23
260 _aSantafé de Bogotá :
_bSalesiana,
_c1980
300 _a63p.
490 _aRelaciones Humanas
650 1 4 _aAUTOSUPERACION
_912130
650 1 4 _aMIEDO
_955427
650 1 4 _aPERSONALIDAD
_912131
942 _2ddc
_cBK
999 _c21324
_d21324